000 01627nam a2200385 i 4500
001 000020827
003 DO-SdBNP
005 20260317154539.0
007 ta
008 100818d1994 dr ac 000 0 spa d
040 _aDO-SdBNP
_bspa
_cBNPHU
_erda
082 4 _a330.97293
_bD134e
_222
100 1 _aMiguel A. Dájer Scheker.
_eautor
_4aut.
_943655
245 1 0 _aEnfoques diversos de la realidad dominicana /
_cMiguel A. Dájer Scheker ; prólogo, Mario Emilio Sánchez Córdova ; corrección e índices, Margarita Piñeyro de Sánchez
250 _aPrimera edición
264 4 _aSanto Domingo :
_bEditora Fundación Menendez-Dájer, INC.,
_c1994.
300 _a591 páginas :
_bilustraciones, retratos ;
_c23 cm.
336 _atexto
_btxt
_2rdacontent
337 _asin mediación
_bn
_2rdamedia
338 _avolumen
_bnc
_2rdacarrier
500 _aIncluye datos biográficos del autor en la contracubierta.
500 _aIncluye referencias bibliográficas y notas al pie de las páginas
500 _aIncluye índice
504 _aBibliografía : p. 559 - 562
590 _aInventariado, 2018/ YL
650 4 _aAgricultura
_zRepública Dominicana
_91568
650 4 _aGanaderia
_zRepública Dominicana
_91548
650 4 _aReforma agrária
_zRepública Dominicana
_943656
650 0 _aZonas francas industriales
_zRepública Dominicana
_99277
650 4 _aEducación
_zRepública Dominicana
_9737
700 1 _aSánchez Córdova, Mario Emilio,
_eprologuista
_4pr.
_934794
700 1 _aPiñeyro Sánchez, Margarita de,
_ecorrector
_4corr.
_985375
910 _aValidado. Control de calidad MFF
942 _2ddc
_cLBS1
999 _c20331
_d20331